Featurings avec Hamza - Statistiques

Statistiques générales
  • Ce quiz a été pris 229 fois
  • Le résultat moyen est 21 sur 47
Statistiques - réponses
Hint Réponse % Correct
God Bless Damso
90%
Drill FR 5 Gazo
86%
Gasolina Gambi
85%
Atasanté Tiakola
85%
Nocif Damso
83%
1h55 Tiakola | Rsko
75%
HS SCH
74%
Sadio Offset
73%
Maudit Werenoi
73%
Minuit 13 Oxmo Puccino | Chris (Christine and the Queens)
72%
Pilote PLK
70%
Jota Niska
69%
Toka SDM
69%
Lalla Kore
62%
Love Therapy Aya Nakamura
58%
Bac +12 Koba LaD
55%
Tentation Gambi
54%
Spaghetti Gazo | Guy2Bezbar
47%
Réel Zed
45%
Clic Clac 13 Block
43%
Slow Damso
43%
Mon BB Gradur
43%
Ouais Ouais Leto
42%
Cocoro CKay
40%
Fendi Love Guy2Bezbar
40%
Mes Lovés Ponko
38%
Bad Days Ikaz Boi
37%
Hara-Kiri Kaaris
37%
Elle m'a dit Ninho
32%
Goosebumps Larry
30%
Élastiqué HD La Relève
29%
Safari Dadju
26%
Don't Tell Headie One
26%
Love Break The Magician
25%
Ferragamo Zkr
24%
Madonna A.CHAL
23%
Laisse moi te dire No Limit | Tayc
23%
Milli ASHE 22
21%
Rari Joke
21%
Penny reezy
20%
Van noir Kalash
19%
R8 4.4.2 | Alonzo
17%
Broccoli Dolfa
15%
Comme des Sauvages Seth Gueko
15%
Benzo Young ADZ
10%
House B la B
7%
Dyker Upp Ozzy Blacks | JAY
2%
Aucun quiz correspondant
Distribution des résultats
% des personnes avec chaque résultat
Percentile par nombre de réponses
Votre historique - résultats
Vous n’avez pas pris ce quiz